000
00288nam a22000977a 4500
100
_a
Kiran Pub.
_9
79927
245
_a
SSC Mathematics Chapterwise & Typewise Solved Papers 1999- Till Date 10500+ Obj. Qus.
300
_a
Delhi
_b
Kiran's Publication
_e
2020
650
_a
Maths
_9
79928
942
_c
BK
999
_c
63467
_d
63467